000 00506nam a2200181Ia 4500
005 20250508160142.0
008 008 250505s9999 xx 000 0 eng d
037 _aTextual
040 _aFEDL
_beng
_cFEDL
041 _aeng
_2eng
084 _a820.23, TUR
_qFEDL
100 _aTurner W
245 0 _aShakespeare's anotony and cleopatra
260 _aKarachi, Pakistan
_bThe Educational Publishing Company
300 _a153p
942 _cTEXL
_h820.23, TUR
999 _c1362238
_d1362238